000
00318pab a2200145 454500
008
180718b1985 xxu||||| |||| 00| 0 eng d
100
_a
Sharma, M.P.
245
_a
`Land' and "building"
260
_c
1985
300
_a
104-24
362
_a
Mar.
650
_a
Property Taxes
773
_a
Tax - Net
909
_a
16277
999
_c
16277
_d
16277